| 000 | 00734nam a2200205 a 4500 | ||
|---|---|---|---|
| 001 | BRCA_8715 | ||
| 005 | 20190320210358.0 | ||
| 008 | 170317s2016----mx-a######---#000-0#spa-# | ||
| 041 | _aspa | ||
| 044 | _amx | ||
| 050 | 4 |
_aN910.C63 _b.M97 2016 |
|
| 245 | 1 | 0 |
_aMuseo Arocena _bdiez años de compartir arte y cultura _cfotografía Gerardo Suter y Jesús Alberto Flores Valenciano. |
| 260 |
_aMéxico _bFundación E. Arocena _c2016 |
||
| 300 |
_a263 p. _bil. (algunas a color) _c29 cm. |
||
| 610 | 2 | 4 |
_aMuseo Arocena (Torreón, Coahuila) _xColecciones de arte _92690 |
| 650 | 1 | 4 |
_aArtes decorativas _xMuseos _zMéxico _92691 |
| 700 | 1 |
_aSuter, Gerardo _eil. _92694 |
|
| 700 | 1 |
_aFlores Valenciano, Jesús Alberto _eil. _921712 |
|
| 942 |
_2lcc _cB |
||
| 999 |
_c8367 _d8367 |
||